000 00312nam a2200121Ia 4500
008 230907s9999||||xx |||||||||||||| ||und||
082 _a629.2874,NIC
100 _aNicholson, Dr Ian
_9115250
245 0 _aHeavy Vehicle mechanics/
260 _aMcGraw Hill
_bAustralia
_c1986
300 _avi,308p.:
942 _cBK
999 _c597950
_d597950